| 000 | 01643nam a2200481 i 4500 | ||
|---|---|---|---|
| 001 | 6782 | ||
| 003 | KOSZ 005 | ||
| 005 | 20200630085108.0 | ||
| 008 | 970510s1994 pl a f |000 0 pol | ||
| 015 | _aPB 1995/305 | ||
| 020 | _a8386453079 | ||
| 035 | _a991000002689705066 | ||
| 035 | _a(PL-WaBN)b10002716-48omnis_nlop | ||
| 035 | _ab10002716 | ||
| 035 | _a(OCoLC)830049226 | ||
| 035 | _a(PL)b0000001000271 | ||
| 035 | _a(EXLNZ-48OMNIS_NETWORK)9910027676905606 | ||
| 040 |
_aWA N _cWA N _dKOSZ 005/EC |
||
| 041 | _apol | ||
| 046 | _k1994 | ||
| 080 | _a576.3 | ||
| 080 | _a(075.8) | ||
| 245 | 0 | 0 |
_aBiologia i inżynieria komórki - laboratorium : _bpraca zbiorowa / _cpod red. Józefa St[anisława] Szopy ; [aut. rozdz. J. St. Szopa et al.] ; Politechnika Łódzka. |
| 260 |
_aŁódź : _bWydaw. PŁ, _c1994 _e(Łódź : _fACGM). |
||
| 300 |
_a158, [1] s. : _brys. ; _c23 cm. |
||
| 336 |
_2rdacontent _aTekst _btxt |
||
| 337 |
_2rdamedia _aBez urządzenia pośredniczącego _bn |
||
| 338 |
_2rdacarrier _aWolumin _bnc |
||
| 380 | _aKsiążki | ||
| 380 | _aPublikacje dydaktyczne | ||
| 385 |
_mPoziom nauczania _aSzkoły wyższe |
||
| 388 | 1 | _a1901-2000 | |
| 388 | 1 | _a1989-2000 | |
| 504 | _aBibliogr. s. 158-[159]. | ||
| 650 | 7 |
_aCytologia _2DBN |
|
| 655 | 7 |
_aPodręczniki akademickie _2DBN |
|
| 658 | _aBiologia | ||
| 700 | 1 |
_aSzopa, Józef Stanisław _d(1936- ) _eRedakcja |
|
| 710 | 2 |
_aWydawnictwo Politechniki Łódzkiej _4pbl |
|
| 856 |
_uhttp://koha.tu.koszalin.pl/cgi-bin/koha/opac-detail.pl?biblionumber=6782 _yKatalog online BPK |
||
| 942 |
_2UKD _cKS |
||
| 999 |
_c6782 _d6782 |
||